000 00569cam a2200193 4500500
005 20260405001722.0
041 _afre
042 _adc
100 1 0 _aDuru, Martin
_eauthor
245 0 0 _aTous cosmopolites ?
260 _c2014.
500 _a88
690 _aCosmopolitisme
690 _aDaniele Archibugi
690 _aFrontière
690 _aJean-Marc Ferry
786 0 _nPhilosophie magazine | 77 | 3 | 2014-03-01 | p. 48-48 | 1951-1787
856 4 1 _uhttps://shs.cairn.info/magazine-philosophie-magazine-2014-3-page-48?lang=fr&redirect-ssocas=7080
999 _c2050375
_d2050375